Hong Kong Bus MC Quiz 香港巴士選擇題 - Statistics

General Stats
  • This quiz has been taken 456 times
    389 since last reset
  • The average score is 7 of 15
Answer Stats
Question Answer % Correct
Which franchised bus company has the lowest percentage of double-decked bus? 哪間專營巴士公司的雙層巴士佔有率最低? New Lantau Bus Company 新大嶼山巴士有限公司
92%
Which of the followings does not belong? 找不同. Cheung Ching Tunnel 長青隧道
75%
Find the odd one out. 找不同 72 (KMB 九巴)
55%
What is the most expensive all-day route? 哪條路線是最貴的全日線? A10
50%
As of 2020, how many buses do Kowloon Motor Bus Company (1933) Limited (KMB) own? 九龍巴士公司(1933) 旗下共有多少巴士? 4271
47%
For KMB, what does 2 in hundreds place mean? 對九巴而言, 百位數為2的是什麼意思? Air-conditioned route 空調路線
47%
Which route is the longest in terms of distance? 哪條路線走線最長? N42A
46%
Which of the following routes has the fewest designated bus? 以下哪條路線有最少掛牌車? 32H (KMB九巴)
42%
Which of the following routes stops in the most districts in Hong Kong? 以下哪條路線所停的站包括最多的區域? 290A
39%
How many all-day routes are jointly operated? 現時共有多少條全日聯營線? 31
39%
How many franchised bus companies are there in Hong Kong? 香港共有多少間專營巴士公司? 5
38%
Which is the bus terminus with the highest altitude? 哪個巴士總站海拔最高? Ngong Ping 昂坪
38%
Tai O to Wong Shek Pier is like Stanley Fort to 大澳對黃石碼頭好比赤柱炮台對 Ta Kwu Ling (Tsung Yuen Ha) 打鼓嶺(松園下)
36%
Which of the following routes is not existent? 哪條線現在不存在? NA30
29%
Which of the following pairs are officially related? 以下哪一個組合屬於官方全日繁時線? 48P-48X
28%
No matching quizzes found
Score Distribution
Percent of People with Each Score
Percentile by Number Answered
Your Score History
You have not taken this quiz since the last reset